000
00207 a2200097 4500
001
28860
100
_a
Manheisn, R
245
_a
Hitler's Main Kampf
260
_a
_b
Hutchinson
_c
1969
090
_c
19306
_d
19306
942
_a
NUST-CAE
_c
M
_c
10343
999
_c
263933
_d
263933